| 000 | 00795nam a2200241Ia 4500 | ||
|---|---|---|---|
| 001 | 4393 | ||
| 003 | GE_BSU | ||
| 008 | 181216s||||||||xx |||||||||||||| ||und|| | ||
| 020 | _a5247010515 | ||
| 040 | _cGE_BSU | ||
| 080 | _a550.8+553.98(075) | ||
| 100 | _aВысоцкий,И.В. Высоцкий,В.И. Оленин,В.Б. | ||
| 245 | _aНефтегазоносные бассейны зарубежных стран. | ||
| 245 | _bУчеб. для вузов. | ||
| 245 | _cРед. из-во. Н.В. Чистякова. | ||
| 250 | _a2-е изд. перераб. и доп. | ||
| 260 | _aМ. | ||
| 260 | _bНедра. | ||
| 260 | _c1990. | ||
| 300 | _a405стр.с илл. | ||
| 653 | _aНефтегазоносные бассейны зарубежных стран. | ||
| 942 | _cBK | ||
| 999 |
_c38383 _d38383 |
||